000 00594 a2200253 4500
260 _aCotonou
100 _aHOUNSINOU, S. Olufunmilayo
260 _bENEAM
300 _b49 p
245 _aContribution à la gestion efficace de la clientele de l'IMF PADME
650 _aGESTION COMMERCIALE
650 _aMARKETING
650 _aACTION COMMERCIALE
650 _aGESTION DES RESSOURCES HUMAINES
650 _aGESTION DE LA CLIENTELE
650 _aIMF
650 _aPADME
260 _c2007
130 _lFr
500 _a1 ex
040 _aENEAM
999 _c9823
_d9823